| 000 | 00789cam a22002294a 4500 | ||
|---|---|---|---|
| 005 | 20250605164225.0 | ||
| 008 | 250528s ||||||||||||||||||||||||d | ||
| 035 | _a20830 | ||
| 020 | _a9788131242209 | ||
| 040 |
_aGR-AtMCL _bgre _dGR-AtMCL _eAACR2 |
||
| 245 | 1 | _aGray's Anatomy for Students / An Instant Review | |
| 250 | _a1st | ||
| 260 |
_bElsevier, _c2015 |
||
| 300 | _a812 | ||
| 520 | _aThis book is the perfect review companion to help you test your anatomical knowledge. Overview, Back, Thorax, Abdomen, Pelvis and Oerineum, Lower Limb, Upper Limb, Head and Neck, Surface Anatomy, Nervous System, Imaging. | ||
| 700 | 1 |
_aDrake Richard L _96801 |
|
| 700 | 1 |
_aMitchell Adam W. M _96802 |
|
| 700 | 1 |
_aWayge Vogl A _96803 |
|
| 942 | _cBK | ||
| 999 |
_c5912 _d5912 |
||